In Search of Meaning and Identity (Record no. 6562)

MARC details
000 -LEADER
fixed length control field 00670nam a2200241 a 4500
020 ## - INTERNATIONAL STANDARD BOOK NUMBER
ISBN 9519520
082 00 - DEWEY DECIMAL CLASSIFICATION NUMBER
Classification number 248.246
Author Cutter SYR
100 ## - MAIN ENTRY--AUTHOR NAME
Author name Syrjanen, Seppo
245 ## - TITLE STATEMENT
Title In Search of Meaning and Identity
Sub title Conversion to Christianity in Pakistani
260 ## - PUBLICATION, DISTRIBUTION, ETC. (IMPRINT)
Place of publication Vammala
Name of publisher Missiologian Ja Ekumeniikan Sekura R.Y
Year of publication 1984
300 ## - PHYSICAL DESCRIPTION
Number of Pages 246p
500 ## - GENERAL NOTE
General note includes index and biblioraphy
505 2# - FORMATTED CONTENTS NOTE
Formatted contents note Abbreviation
650 ## - SUBJECT ADDED ENTRY--TOPICAL TERM
Topical Term Christianity-Pakistan
942 ## - ADDED ENTRY ELEMENTS (KOHA)
Koha item type Books
700 1# -
-- Syrjanen, Seppo
Holdings
Collection code Home library Current library Date acquired Cost, normal purchase price Full call number Accession Number Koha item type
  Henry Martyn Institute Library Henry Martyn Institute Library 07/06/2007 864.00 248.246 SYR 012762 Books
                   Copyright © 2026 | Henry Martyn Institute | Hyderabad | TS-500052 | INDIA | Implemented by hmi.edu.in
Hit-Count:

Powered by Koha